000 00554nam a2200217Ia 4500
003 OSt
005 20251129094816.0
008 210719s1971 xx 000 0 und d
040 _cAL
041 _aKannada
082 _aK494.5E BHAO
100 _aBHAT (D N Shankara)
_9247172
245 _aOutline grammar of havyaka.
260 _aPoona
_bDeccan College
_c1971
300 _a96
_bPB
365 _b10
_cRs
440 _aLinguistic survey of India series: 5
_9247173
650 _aKannada Grammar
_9247174
906 _aHavyaka
942 _2ddc
_cBK
999 _c214009
_d214009